| 000 | 01074nam a2200265 i 4500 | ||
|---|---|---|---|
| 001 | 183041 | ||
| 003 | ES-MaACL | ||
| 005 | 20251010181800.0 | ||
| 008 | 140114s2008 sp | |||||||| | spa d | ||
| 020 | _a978-84-7908-960-3 | ||
| 080 | _a376.1-056.263 | ||
| 080 | _a81'221.2 | ||
| 100 | 1 |
_aHervás, Lorenzo, _d1735-1809 _963423 |
|
| 245 | 1 | 0 |
_aEscuela Española de Sordomudos _b: la gramática de la lengua de signos en su contexto interlingüístico y pedagógico / _cLorenzo Hervás y Panduro ; estudio introductorio y edición de Ángel Herrero. |
| 260 |
_aSan Vicente del Raspeig : _bPublicaciones de la Universidad de Alicante, _c[2008] |
||
| 300 |
_a407 p. ; _c23 cm. |
||
| 500 | _aÍndices. | ||
| 650 |
_aLenguaje por signos. _9154159 |
||
| 650 | 4 |
_aSordos- _xEducación. _9154160 |
|
| 700 | 1 |
_aHerrero, Ángel, _d1951-2017 _9154161 |
|
| 852 |
_aES-MaACL _jA-12983 _9189974 _bR.149798 _cDEPO1 _dOlim: N-5983 _xDonación: Real Academia Española |
||
| 914 |
_96336 _aReal Academia Española _ednr |
||
| 942 |
_2udc _cMONOGRAFIA |
||
| 999 |
_c183041 _d183041 |
||